Thinking teams, thinking clients : knowledge-based teamwork /

Bibliographic Details
Main Author: Opie, Anne, 1946-
Corporate Author: NetLibrary, Inc
Format: eBook
Language:English
Published: New York : Columbia University Press, [2000]
Subjects:
Online Access:Connect to the full text of this electronic book

MARC

Tag First Indicator Second Indicator Subfields
LEADER 00000cam a2200000Ia 4500
001 in00001847708
005 20220105140654.0
006 m d
007 cr cn-
008 030113s2000 nyua sb 001 0 eng d
020 |a 0231505973 (electronic bk.) 
035 |a (OCoLC)ocm51396002 
040 |a N$T  |c N$T  |d UtOrBLW 
043 |a u-nz--- 
049 |a IICC 
050 1 4 |a R729.5.H4  |b O65 2000eb 
060 1 4 |a W 84.8  |b O61t 2000 
082 0 4 |a 362.1/068  |2 21 
100 1 |a Opie, Anne,  |d 1946-  |0 http://id.loc.gov/authorities/names/n2005093026 
245 1 0 |a Thinking teams, thinking clients :  |b knowledge-based teamwork /  |c Anne Opie. 
264 1 |a New York :  |b Columbia University Press,  |c [2000] 
264 4 |c ©2000 
300 |a viii, 297 pages :  |b illustrations ;  |c 24 cm. 
336 |a text  |b txt  |2 rdacontent 
337 |a computer  |b c  |2 rdamedia 
338 |a online resource  |b cr  |2 rdacarrier 
504 |a Includes bibliographical references (pages [283]-292) and index. 
533 |a Electronic reproduction.  |b Boulder, Colo. :  |c NetLibrary,  |d 2003.  |n Available via World Wide Web.  |n Access may be limited to NetLibrary affiliated libraries. 
500 |a Electronic resource. 
650 0 |a Health care teams.  |0 http://id.loc.gov/authorities/subjects/sh85059533 
650 0 |a Health care teams  |z New Zealand. 
650 1 2 |a Patient Care Team  |x organization & administration.  |0 https://id.nlm.nih.gov/mesh/D010348Q000458 
650 2 2 |a Clinical Competence.  |0 https://id.nlm.nih.gov/mesh/D002983 
650 2 2 |a Group Processes.  |0 https://id.nlm.nih.gov/mesh/D006126 
650 2 2 |a Interprofessional Relations.  |0 https://id.nlm.nih.gov/mesh/D007400 
650 2 2 |a Professional-Patient Relations.  |0 https://id.nlm.nih.gov/mesh/D011369 
655 7 |a Electronic books.  |2 local 
710 2 |a NetLibrary, Inc.  |0 http://id.loc.gov/authorities/names/no99080690 
776 1 |c Original  |z 0231116845  |w (DLC) 00043173  |w (OCoLC)44426953 
856 4 1 |u https://proxy.library.tamu.edu/login?url=http://www.netLibrary.com/urlapi.asp?action=summary&v=1&bookid=74636  |z Connect to the full text of this electronic book  |t 0 
994 |a 92  |b IIC 
999 |a MARS 
999 f f |s 083fb1df-6d21-31a1-80af-86656f512a1d  |i 4461d597-783e-3954-b807-81fa2b8d1a3e  |t 0 
952 f f |a Texas A&M University  |b College Station  |c Electronic Resources  |d Available Online  |t 0  |e R729.5.H4 O65 2000eb  |h Library of Congress classification 
998 f f |a R729.5.H4 O65 2000eb  |t 0  |l Available Online